| 000 | 00721nam a22002177a 4500 | ||
|---|---|---|---|
| 005 | 20130916161602.0 | ||
| 010 | _aENG-108298 | ||
| 020 |
_c240.00 _a9789350352342 |
||
| 035 | _aEN-91831 | ||
| 037 | _bDBAD/PUB | ||
| 082 | _a344.54012164 | ||
| 100 | _aKumar,H.L. | ||
| 245 |
_aPractical guide to payment of bonus : _cby H.L. Kumar [and] Gaurav Kumar _bact and rules / |
||
| 250 | _a4th ed | ||
| 260 |
_aNew Delhi _bUniversal Law Publishing _c2013 |
||
| 270 |
_aC-FF-1A, Dilkhush Industrial Estate, (near Azadpur Metro Station) G.T. Karnal Road, _bNew Delhi _e110033 |
||
| 300 |
_axxi,157p. _c24cm(pbk) |
||
| 500 | _aIncludes index | ||
| 700 | _aGaurav Kumar | ||
| 942 |
_2ddc _cEN _mKUM _h344.54012164 |
||
| 999 |
_c78495 _d78495 |
||